000 01415cam a2200337 a 4500
001 EDZ0000082906
003 StDuBDS
005 20161031105207.0
006 m||||||||d||||||||
007 cr |||||||||||
008 120427s2010 cau fo| 001|0|eng|d
020 _a9781446251157 (ebook) :
_cNo price
040 _aStDuBDS
_beng
_cStDuBDS
_epn
049 _aAlfaisal Main Library
050 4 _aLC3997
082 0 4 _a371.950941
_223
100 1 _aTunnicliffe, Clive.
245 1 0 _aTeaching able, gifted and talented children
_h[electronic resource] :
_bstrategies, activities and resources /
_cClive Tunnicliffe.
260 _aLos Angeles, [Calif.] ;
_aLondon :
_bSAGE,
_cc2010.
300 _a1 online resource (xi, 132 p.)
520 8 _aThis title follows the structure of a suggested school policy document and provides schools with resources to assist them in developing their strategy for meeting the needs of their more able pupils.
504 _aIncludes bibliographical references and index.
521 _aSpecialized.
588 _aDescription based on print version record.
650 0 _aGifted children
_xEducation
_zGreat Britain.
655 7 _aElectronic books.
_2local
710 2 _aSage eBooks
776 0 8 _iPrint version :
_z9781412947671
856 4 0 _uhttp://ezproxy.alfaisal.edu/login?url=http://sk.sagepub.com/books/teaching-able-gifted-and-talented-children
942 _2lcc
_cEBOOKS
999 _c481394
_d481394